00485 2200181 4500001002100000005001500021035002000036245006000056100001800116300001700134700001800151260004800169082000900217084001500226020001800241600001800259990002600277INLIS00000000000042220251103102157 a0010-11250000011 aResep Desert Pilihan Untuk Bisnis Boga /cTim Ide Masak0 aTim Ide Masak a193 ;c24 cm0 aTim Ide Masak aJakarta :bPT Gramedia Pustaka Utama,c2020 a6374 a6374 TIM r a9786020636986 4aTim Ide Masak a2020/SMKMIRI/2597/001